Etiqueta de registo: 00254nam 2200025 450
001 2285299
003 http://id.bnportugal.gov.pt/bib/catbnp/2285299
010 ## $a9789897903540
021 ## $aPT$b5588703/26
100 ## $a20260427d2026 c y0pory01030103ba
101 0# $apor
102 ## $aPT
105 ## $aa z 000fy
106 ## $ar
200 1# $a A quinta do Eduardo$fAlexandra Martins$gil. Bruno Faria Luup
205 ## $a1ª ed
210 #9 $aCarnaxide$cMeia Longa,$d2026
215 ## $a113, [3] p.$cil.$d21 cm
700 #1 $915$aMartins,$bAlexandra$31996998
701 #1 $aLuup,$bBruno Faria$4440$31887937
801 #0 $aPT$bBN$gRPC
966 ## $lBN$mFGMON$x1
971 ## $cisantos$d20260427